Derecho y big data

Detalles Bibliográficos
Autor principal: Cotino Hueso, Lorenzo
Otros Autores: Torres ℓvila, Jheison, Len̤, Ivonne Patricia, Becerra, Jairo, Sǹchez Acevedo, Marco Emilio, Velandia Vega, John
Formato: eBook
Lenguaje:español
Publicado: Bogot:̀ Universidad Catl̤ica de Colombia, 2018
Materias:
Acceso en línea:Acceso restringido

MARC

LEADER 00000nam a22000007a 4500
005 20190813221519.0
007 cr|||| ||||
008 190813s2018 co |||||s|||| 00||0 spa d
020 |a 9789585456280 
035 |a 24037 
040 |a vLex 
090 |c 9171  |d 9171 
100 1 |a Cotino Hueso, Lorenzo 
245 1 0 |a Derecho y big data  |h [Recurso electrn̤ico] /  |c Lorenzo Cotino Hueso, Jheison Torres ℓvila, Ivonne Patricia Len̤, Jairo Becerra, Marco Emilio Sǹchez Acevedo, John Velandia Vega 
256 |a Servicio en ln̕ea 
260 |a Bogot:̀  |b Universidad Catl̤ica de Colombia,  |c 2018 
300 |a 1 recurso electrn̤ico 
500 |a El trǹsito de lo analg̤ico a lo digital posibilit ̤la emergencia de procesos autogestionables que desplazaron a los medios de comunicacin̤ convencionales e hicieron posible el acceso a la informacin̤ de forma extendida, transformando la economa̕, el derecho y la administracin̤ del Estado. Los diferentes textos que se presentan en este libro analizan los impactos de las nuevas tecnologa̕s de la informacin̤ desde una perspectiva transdisciplinar y multidisciplinar, tomando en consideracin̤ fenm̤enos como big data, derecho, internet, ciberdefensa, gobierno electrn̤ico, acceso a la informacin̤, brecha digital, proteccin̤ de datos, inteligencia artificial y cibernťica. A partir de disciplinas como la sociologa̕, la ciencia polt̕ica y el derecho, se avanza en una perspectiva global y compleja acerca de la influencia de las tecnologa̕s de la informacin̤ y la comunicacin̤ en el campo jurd̕ico y en el Estado 
506 1 |a Disponible solo en los productos indicados  |d vLex Global  |d vLex Global (Academic Edition, excluding Law Schools)  |d vLex Global (U.S. Academic Edition, Law Schools)  |d vLex Global (U.S. Academic Edition, excluding Law Schools)  |d vLex Global (Academic Edition, Law Schools) 
650 0 4 |a Proteccin̤ de datos  |z Colombia 
700 1 |a Torres ℓvila, Jheison 
700 1 |a Len̤, Ivonne Patricia 
700 1 |a Becerra, Jairo 
700 1 |a Sǹchez Acevedo, Marco Emilio 
700 1 |a Velandia Vega, John 
740 0 |a vLex Libros (Servicio en ln̕ea) 
856 4 0 |u http://vlex.com/source/derecho-y-big-data-24037  |z Acceso restringido 
942 |c BOOK 
999 0 |a Data Protection